000 00454nam a22001697a 4500
010 _aENG-119579
020 _c200.00
035 _aEN-103111
037 _bDBAD/PUB
082 _a230.22
245 _aShiva puran /
260 _aNew Delhi
_bRicha Prakashan
_c201?
270 _aD-36, South Extension Part-One,
_bNew Delhi
_e110049
300 _aviii,240p.
_c22cm(pbk)
505 _a In big print
942 _2ddc
_cEN
_h230.22
_mSHI
999 _c143337
_d143337